Sports Quiz

Random Sports or MLB Quiz

MLB Oldest Pitchers Quiz Stats

 Plays Quiz Updated Oct 3, 2019

Score 0/19 Timer 05:00
5 Plays Today
Age Retired Player % Correct
49Jamie Moyer
75.7%
45Tim Wakefield
75.5%
46Tommy John
66.6%
46Randy Johnson
65.9%
45Fred Johnson
64.8%
46Nolan Ryan
63.7%
59Satchel Paige
61.4%
45Roger Clemens
57.7%
45Bartolo Colon
51%
48Phil Niekro
50.5%
Age Retired Player % Correct
46Charlie Hough
27%
45Gaylord Perry
25.4%
47Kaiser Wilhelm
19.3%
49Hoyt Wilhelm
19.3%
46Jesse Orosco
16.2%
45Ted Lyons
6.5%
50Jack Quinn
3.6%
57#Nick Altrock
2.7%
46Hod Lisenbee
1.2%

You're not logged in!

Compare scores with friends on all Sporcle quizzes.
OR
Log In

Sporcle TV

Today on Sporcle TV


Watch our educational content, quiz creation guides, and fun videos on Sporcle TV.

Show Comments

Extras

Top Quizzes Today


Score Distribution

Your Account Isn't Verified!

In order to create a playlist on Sporcle, you need to verify the email address you used during registration. Go to your Sporcle Settings to finish the process.

Report this User

Report this user for behavior that violates our Community Guidelines.

Details: